000 00346nam a2200145Ia 4500
008 200615s9999||||xx |||||||||||||| ||und||
020 _a9789374735008
082 _a624
_bFLU-K
100 _aKUMAR,RANJAN
245 0 _aFLUID MECHANICS AND HYDRALUIC MACHINE
250 _a4TH
260 _aNew Delhi
_bAITBS
_c2018
300 _a592
942 _cBK
999 _c29438
_d29438